|
|
|
|
| LEADER |
00000naa a2200000uu 4500 |
| 001 |
vtls011081866 |
| 003 |
SK-MaSNL |
| 005 |
20260302112454.0 |
| 008 |
210910|1995 xo |||||||||||||||||slo| |
| 015 |
|
|
|a SNBRA
|
| 035 |
|
|
|a (urnnbn)urn:nbn:sk:snk:ar-a0cj67
|
| 035 |
|
|
|a (uuid)194c7b69-ac25-460e-9c56-92ca0cb09f37
|
| 035 |
|
|
|a urn:nbn:sk:snk-aavp5l
|
| 040 |
|
|
|a SNKBUCL
|b slo
|c SNKBUCL
|e AACR2
|
| 041 |
0 |
|
|a slo
|
| 044 |
|
|
|a xo
|c SK
|
| 100 |
1 |
|
|a Rajt, Štefan,
|d 1932-
|4 aut
|9 205465
|
| 245 |
1 |
0 |
|a STRATEGICKÝ MARKETINGOVÝ MANAGENENT VÝROBKOVEJ POLITIKY
|c Štefan Rajt
|
| 773 |
0 |
|
|t Marketing - franchising
|d Bratislava : Ekonóm, 1995
|g S. 33-35
|z 8022507601
|
| 958 |
|
|
|a OND
|
| 958 |
|
|
|a article12
|
| 958 |
|
|
|a chapter
|
| 999 |
|
|
|c 1251902
|d 1253832
|